000 00574nam a2200181Ia 4500
999 _c6966
_d6966
020 _a9788120417373
082 _a923.373 MIL-
245 0 _aMilton Friedman nobel monetary economist: review of his theories and politics
260 _aNew Delhi
_bOxford & IBH Publishing
_c2009
300 _axiv, 285
504 _aincludes annexure and index
650 _aFriedman, Milton
_vBiography
650 _aEconomists
_vBiography
650 _aEconomists
_vBiography
_zUnited States
650 _aFriedman, Milton
_vViews on economics
700 _aPuttaswamaiah, K.
942 _cBK